000 00593nam a2200181Ia 4500
008 090123s9999 xx 000 0 und d
082 _b8174
100 _aवैद्य ब.ल.
245 _aआरोग्यासाठी योगासने
250 _a3
260 _bमॅजेस्टिक प्रकाशन
300 _a123
600 _aवैद्य ब.ल.
630 _aआरोग्यासाठी योगासने
700 _aवैद्य ब.ल.
730 _aआरोग्यासाठी योगासने
942 _cBOOK
999 _c46240
_d46240